| 000 | 01828nam a22003977a 4500 | ||
|---|---|---|---|
| 003 | DO-SdBPM | ||
| 005 | 20260506111047.0 | ||
| 007 | ta | ||
| 008 | 211111b2015 dr a| |||| 00| 0 spa d | ||
| 020 | _a9789945891621 | ||
| 040 |
_aDO-SdBPM _bspa _cBPMSU _drda |
||
| 082 | 0 | 4 |
_a028.9 _bE74L 2015 _222 |
| 245 | 0 | 0 |
_aEscuela, lectura y bibliotecas / _cGonzalo Martín ...[et al.] |
| 260 | _bFundación SM, | ||
| 264 |
_aSanto Domingo : _bISFODOSU ; _bFundación SM, _c2015. |
||
| 300 |
_a99 páginas : _bilustraciones, _c22 cm. |
||
| 336 |
_atexto _btxt _2rdacontent |
||
| 337 |
_asin mediación _bn _2rdamedia |
||
| 338 |
_avolumen _bnc _2rdacarrier |
||
| 500 | _aIncluye referencias bibliográficas y notas al pie de las páginas. | ||
| 505 | 0 | _aPresentación ISFODOSU / Julio Sánchez Maríñez -- Presentación Fundación SM / Leoncio Fernández -- La riqueza competencial del texto literario / Gonzalo Martín de Marcos -- Neurociencia y lectura / Lourdes Henríquez Díaz -- La biblioteca escolar / Dulce Elvira de los Santos -- Lectura en nuevo formato tecnología / Rosa María Cruz Bejarán -- Estrategias de animación a la lectura. Un camino hacia la formación del hábito lector / Bilda Valentín -- Leer para imaginar y escribir para crear / Mónica Volonteri. | |
| 590 | _aInventariado, 2026 /VM | ||
| 650 | 7 | _aPromoción de la lectura | |
| 650 | 7 | _aEnseñanza de la lectura | |
| 650 | 7 | _a Enseñanza de la lectura | |
| 650 | 7 | _aFormación de lectores | |
| 650 | 7 | _aLibros y lectura | |
| 700 | 1 | _a Martín de Marcos, Gonzalo | |
| 700 | 1 | _aHenríquez Díaz, Lourdes | |
| 700 | 1 | _aSantos, Dulce Elvira de los | |
| 700 | 1 | _aCruz Bejarán, Rosa María | |
| 700 | 1 | _aValentín, Bilda | |
| 700 | 1 | _aVolonteri, Mónica | |
| 910 | _aVMateo V. Control de calidad. BPMSU | ||
| 942 |
_2ddc _cBK |
||
| 999 |
_c15820 _d15820 |
||